Home on the Range - Characters by Picture - Statistics

General Stats
  • This quiz has been taken 34 times
  • The average score is 13 of 18
Answer Stats
Picture Answer % Correct
Maggie
100%
Buck
94%
Grace
94%
Mrs. Calloway
94%
Alameda Slim
89%
Rico
83%
Lucky Jack
78%
Pearl Gesner
78%
Jeb
67%
Mr. Wesley
67%
Barry / Bob
61%
Sheriff Sam Brown
61%
Rusty
56%
Audrey
50%
Patrick
50%
Willie Brothers
50%
Abner Dixon
44%
Annie
44%
No matching quizzes found
Score Distribution
Percent of People with Each Score
Percentile by Number Answered
Your Score History
You have not taken this quiz